000 00403cam a2200169ua 4500
020 _c21.00
041 _aeng
_h
082 _a050
_bWAL/RE
100 _aWallace, Dewitt.
245 0 0 _aReader`s digest /
_cDewitt Wallace.
_hTextual Documents
260 _a :
_bReaders Digest Association ,
_c1963.
300 _a192 ; .
365 _a21.00
504 _a
942 _cBK
999 _c5046
_d5046